Car Models 3 - Statistics

General Stats
  • This quiz has been taken 76 times
    36 since last reset
  • The average score is 9 of 16
Answer Stats
Picture Answer % Correct
Bugatti Veyron
89%
Ford F150
82%
Mazda RX7 (FD)
79%
Volkswagen Beetle (New)
75%
Lotus Elise
71%
Chevrolet Corvette C7
64%
Ford Focus RS
61%
Land Rover Defender
61%
Porsche Carrera GT
61%
Rolls Royce Phantom
61%
Audi A8
57%
Jaguar F Type
57%
Audi RS 6 Avant
43%
Ferrari 458 Spider
32%
Mitsubishi Lancer Evo 10
25%
Ford Escort RS Cosworth
18%
No matching quizzes found
Score Distribution
Percent of People with Each Score
Percentile by Number Answered
Your Score History
You have not taken this quiz since the last reset